Vista normal
Vista MARC
Entrada Corporate Name
Número de registros utilizados en: 1
001 - CONTROL NUMBER
- control field: 12181
003 - CONTROL NUMBER IDENTIFIER
- control field: DLC
005 - DATE AND TIME OF LATEST TRANSACTION
- control field: 20220301092209.0
008 - FIXED-LENGTH DATA ELEMENTS
- fixed length control field: 191217n| azannaabn |n ana c
010 ## - LIBRARY OF CONGRESS CONTROL NUMBER
- LC control number: no2019186903
035 ## - SYSTEM CONTROL NUMBER
- System control number: (OCoLC)oca12642424
040 ## - CATALOGING SOURCE
- Original cataloging agency: ICrlF
- Language of cataloging: spa
- Description conventions: rda
- Transcribing agency: Mx-PuUPA
- Modifying agency: Mx-PuUPA
110 2# - HEADING--CORPORATE NAME
- Corporate name or jurisdiction name as entry element: Planeta Internacional (Firm)
370 ## - ASSOCIATED PLACE
- Place of residence/headquarters: Ciudad de México (México)
- Source of term: naf
372 ## - FIELD OF ACTIVITY
- Field of activity: Editores y publicaciones
- Source of term: lcsh
374 ## - OCCUPATION
- Occupation: Autor
377 ## - ASSOCIATED LANGUAGE
- Language code: spa
- Language code: eng
670 ## - SOURCE DATA FOUND
- Source citation: Todd, Anna. Estrellas fugaces, 2018:
- Information found: t.p. (Planeta Internacional) t.p. verso (Ciudad de México)